| 000 | 00521nam a2200205Ia 4500 | ||
|---|---|---|---|
| 003 | OSt | ||
| 005 | 20230524145605.0 | ||
| 008 | 210423s2001 xx 000 0 und d | ||
| 040 | _cAL | ||
| 041 | _aeng | ||
| 082 |
_a331 _223 _bVARL |
||
| 100 |
_aVARMA (M M);AGGARWAL (R K) _9112540 |
||
| 245 | _aLabour economics | ||
| 260 |
_aDelhi _bOxford University Press _c2001 |
||
| 365 |
_b125 _cINR |
||
| 650 |
_aEconomics _9112541 |
||
| 650 |
_aLabour Economics _9112542 |
||
| 906 | _aeconomics ; Labour | ||
| 942 |
_2ddc _cBK |
||
| 999 |
_c172863 _d172863 |
||